Entrada Término temático
Número de registros utilizados en: 1
001 - NÚMERO DE CONTROL
003 - IDENTIFICADOR DEL NÚMERO DE CONTROL
- campo de control:
DR-UNIBE
005 - FECHA Y HORA DE LA ÚLTIMA TRANSACCIÓN
- campo de control:
20260427110837.0
008 - DATOS DE LONGITUD FIJA
- campo de control de longitud fija:
260427|| aca||aabn | a|a d
040 ## - FUENTE DE LA CATALOGACIÓN
- Centro catalogador/agencia de origen:
DR-UNIBE
- Centro/agencia transcriptor:
DR-UNIBE
650 ## -
- :
Telecomunicación
- :
Legislación
670 ## - FUENTE DE DATOS ENCONTRADOS
- Cita de la fuente:
Work cat.: (DR-UNIBE)114601: Convenio sobre la Distribución Señales Portadas de Programas Transmitidas por Satélite (1974 : Bruselas) 204362, Convenio sobre la distribución señales portadas de programas transmitidas por satélite : hecho en Bruselas el 21 mayo de 1974, 1998